Las acciones de control y valoración de la actividad docente (Record no. 61779)

MARC details
000 -CABECERA
campo de control de longitud fija 00558nam a2200205 a 4500
005 - FECHA Y HORA DE LA ÚLTIMA TRANSACCIÓN
campo de control 20210219152828.0
008 - ELEMENTOS DE LONGITUD FIJA--INFORMACIÓN GENERAL
campo de control de longitud fija 991125n 000 0 spa u
035 ## - NÚMERO DE CONTROL DEL SISTEMA
Número de control de sistema UPN01000062539
100 ## - ASIENTO PRINCIPAL--NOMBRE PERSONAL
Nombre de persona RICO MONTERO, Pilar
222 ## - TÍTULO CLAVE
Título clave CIENCIAS PEDAGOGICAS
245 ## - MENCIÓN DE TÍTULO
Título Las acciones de control y valoración de la actividad docente
300 ## - DESCRIPCIÓN FÍSICA
Extensión 49-56
362 ## - FECHAS DE PUBLICACIÓN Y/O DESIGNACIÓN SECUENCIAL
Fecha de publicación y/o designación secuencial 1989 Año 10, no. 19, jul.-dic.
653 0# - TERMINO DE INDIZACION - NO CONTROLADO
Término no controlado ALUMNOS
653 0# - TERMINO DE INDIZACION - NO CONTROLADO
Término no controlado DOCENTES
653 0# - TERMINO DE INDIZACION - NO CONTROLADO
Término no controlado EDUCACION PRIMARIA
653 0# - TERMINO DE INDIZACION - NO CONTROLADO
Término no controlado PRACTICA DOCENTE
904 ## - ELEMENTOS DE DATOS D LOCAL, LDD (RLIN)
a AC
b 000350
905 ## - TIPO DE MATERIAL
Tipo de material Articulo

No items available.